I 10 comuni più popolosi dell'Emilia-Romagna - Statistics

Statistiche generali
  • Questo quiz è stato fatto 81 volte
  • Il punteggio medio è 10 su 10
Statistiche sulle risposte
POPOLAZIONE COMUNE % Corretto
390.518 Bologna
100%
185.009 Modena
100%
198.496 Parma
100%
171.342 Reggio Emilia
100%
150.272 Rimini
100%
103.121 Piacenza
97%
96.145 Cesena
94%
129.555 Ferrara
94%
156.345 Ravenna
94%
117.210 Forlì
93%
Nessun quiz corrispondente trovato
Distribuzione punteggi
Percentuale di utenti per punteggio
Percentile per numero di risposta
I tuoi punteggi nel tempo
Non hai fatto questo quiz